[Event "RSA-ch (Women)"]
[Site "Cape Town"]
[Date "2019.12.12"]
[Round "6"]
[White "Van Niekerk, Robyn Julian"]
[Black "Laubscher, Anzel"]
[Result "1/2-1/2"]
[WhiteElo "1648"]
[BlackElo "1746"]
[PlyCount "92"]
[EventDate "2019.12.07"]
[EventType "tourn"]
[EventRounds "11"]
[EventCountry "RSA"]
[SourceTitle "CBM 193 Extra"]
[Source "ChessBase"]
[SourceDate "2020.01.31"]
[SourceVersion "1"]
[SourceVersionDate "2020.01.31"]
[SourceQuality "1"]

1. d4 d5 2. Nf3 Nf6 3. g3 Bg4 4. Bg2 c6 5. Nbd2 Nbd7 6. c4 Qc7 7. 0-0 e5 8. Nxe5 Nxe5 9. dxe5 Qxe5 10. cxd5 Nxd5 11. Nc4 Qh5 12. Qb3 b5 13. Ne3 Be6 14. Nxd5 Bxd5 15. Bxd5 Qxd5 16. Qxd5 cxd5 17. Rd1 Rd8 18. Be3 a6 19. Rac1 Be7 20. Rc6 Bf6 21. Bb6 Rb8 22. Rxd5 0-0 23. Bd4 Bxd4 24. Rxd4 a5 25. e3 f6 26. Rc5 Rf7 27. Kf1 Rfb7 28. Rdd5 a4 29. b3 axb3 30. axb3 b4 31. Rc4 Ra8 32. Rdd4 Ra3 33. Rxb4 Rxb3 34. Rxb7 Rxb7 35. h4 Kf7 36. g4 g6 37. Kg2 h6 38. Kg3 Ke6 39. f4 f5 40. h5 gxh5 41. gxh5 Rg7+ 42. Kf3 Rg1 43. Ra4 Kf6 44. Ra6+ Kg7 45. Kf2 Rh1 46. Ra7+ Kf6 1/2-1/2

[Event "RSA-ch (Women)"]
[Site "Cape Town"]
[Date "2019.12.07"]
[Round "1"]
[White "Selkirk, Rebecca"]
[Black "Van Niekerk, Robyn Julian"]
[Result "0-1"]
[WhiteElo "1819"]
[BlackElo "1648"]
[PlyCount "124"]
[EventDate "2019.12.07"]
[EventType "tourn"]
[EventRounds "11"]
[EventCountry "RSA"]
[SourceTitle "CBM 193 Extra"]
[Source "ChessBase"]
[SourceDate "2020.01.31"]
[SourceVersion "1"]
[SourceVersionDate "2020.01.31"]
[SourceQuality "1"]

1. e4 c5 2. Nf3 Nc6 3. d4 cxd4 4. Nxd4 g6 5. Nc3 Bg7 6. Be3 Nf6 7. Nxc6 bxc6 8. e5 Ng8 9. f4 f6 10. Bd4 Qa5 11. Qd2 c5 12. Be3 fxe5 13. fxe5 Bxe5 14. Bc4 Nf6 15. 0-0 e6 16. Rae1 0-0 17. Bg5 Bd4+ 18. Kh1 Qb4 19. Bb3 Ba6 20. Rf4 Nh5 21. Rh4 Rf2 22. Rxd4 Qxd4 23. Qxd4 cxd4 24. Ne4 Re2 25. Rxe2 Bxe2 26. Be7 Ng7 27. Bc5 d5 28. Nf6+ Kf7 29. Bxd4 Bc4 30. Nxh7 Bxb3 31. Ng5+ Ke7 32. axb3 Nf5 33. Bc5+ Kf6 34. Nf3 e5 35. g4 Ng7 36. c3 Ne6 37. Bd6 e4 38. Be5+ Ke7 39. Nd4 Nxd4 40. Bxd4 a5 41. Kg2 a4 42. b4 Ke6 43. h4 a3 44. bxa3 Rxa3 45. Kg3 Rb3 46. Kf4 Rb1 47. Kg5 Kf7 48. h5 gxh5 49. gxh5 Re1 50. Kf4 Rh1 51. Kg4 Re1 52. h6 Kg6 53. Bg7 Rf1 54. Bd4 Kxh6 55. b5 Kg6 56. b6 Rf7 57. Be5 e3 58. Bc7 e2 59. b7 e1Q 60. b8Q Qe4+ 61. Bf4 Qg2+ 62. Bg3 Qf3+ 0-1

[Event "Matola zt 4.3 (Women)"]
[Site "Matola"]
[Date "2018.04.09"]
[Round "2.9"]
[White "Van Niekerk, Robyn Julian"]
[Black "Makwena, Christine"]
[Result "1-0"]
[WhiteElo "1605"]
[BlackElo "1411"]
[PlyCount "99"]
[EventDate "2018.04.08"]
[EventType "swiss"]
[EventRounds "9"]
[EventCountry "MOZ"]
[SourceTitle "EXT 2024"]
[Source "ChessBase"]
[SourceDate "2023.10.10"]
[SourceVersion "1"]
[SourceVersionDate "2023.10.10"]
[SourceQuality "1"]

1. d4 Nf6 2. c4 g6 3. g3 Bg7 4. Bg2 d6 5. Nc3 0-0 6. Nf3 Nbd7 7. 0-0 c5 8. e4 cxd4 9. Nxd4 Qb6 10. Nb3 Ne5 11. Be3 Qd8 12. Qe2 Bg4 13. f3 Be6 14. Nd5 Rc8 15. Rac1 b6 16. Nd4 Bd7 17. b3 Re8 18. Kh1 Rb8 19. Rfd1 Qc8 20. Nb5 Nxd5 21. Rxd5 Nc6 22. Rdd1 a6 23. Nc3 Ne5 24. Nd5 Qd8 25. Qf2 b5 26. Bb6 Qc8 27. cxb5 Nd3 28. Qe3 Nc5 29. b4 Bxb5 30. bxc5 dxc5 31. Bxc5 Qb7 32. Bd4 Rbc8 33. Bxg7 Kxg7 34. Bh3 Bd7 35. Bxd7 Rxc1 36. Rxc1 Qxd7 37. Rc7 Qa4 38. Qc3+ e5 39. Qb3 Qa5 40. Rc1 Qd2 41. Qc2 Qd4 42. Rb1 a5 43. Kg2 h5 44. Rb7 Rd8 45. Rxf7+ Kxf7 46. Qc7+ Kg8 47. Qxd8+ Kh7 48. Nf6+ Kg7 49. Qe7+ Kh6 50. Ng8# 1-0

[Event "RSA-ch (Women)"]
[Site "Durbanville"]
[Date "2017.12.18"]
[Round "10"]
[White "Van Niekerk, Robyn Julian"]
[Black "Oberholzer, Marni"]
[Result "1/2-1/2"]
[WhiteElo "1645"]
[BlackElo "1651"]
[PlyCount "107"]
[EventDate "2017.12.09"]
[EventType "tourn"]
[EventRounds "11"]
[EventCountry "RSA"]
[SourceTitle "CBM 182 Extra"]
[Source "ChessBase"]
[SourceDate "2018.02.23"]
[SourceVersion "1"]
[SourceVersionDate "2018.02.23"]
[SourceQuality "1"]

1. d4 d5 2. Nf3 c6 3. c4 Nf6 4. Nc3 e6 5. e3 Nbd7 6. Qc2 Be7 7. Bd3 dxc4 8. Bxc4 b5 9. Bd3 Bb7 10. 0-0 a6 11. Ne4 h6 12. Nxf6+ Bxf6 13. Be4 Rc8 14. Bd2 0-0 15. Bc3 Qc7 16. b4 Nb6 17. Bd3 Nd5 18. Bd2 Rfd8 19. Rac1 Qd6 20. a3 Qd7 21. Rfd1 Qe8 22. Qb3 Be7 23. Bb1 Nb6 24. Qc2 g6 25. Ne5 Bf6 26. Ng4 Bg7 27. Bc3 Nd5 28. Bb2 Qe7 29. h3 h5 30. Nh2 Nb6 31. Ba2 Qg5 32. Nf3 Qe7 33. Qe2 Nd7 34. Qc2 Nb6 35. Nd2 Na4 36. Ba1 Nb6 37. Ne4 Nd7 38. Nc5 Nxc5 39. dxc5 Rxd1+ 40. Rxd1 Rd8 41. Bxg7 Kxg7 42. Qc3+ Kg8 43. Rxd8+ Qxd8 44. Qd4 Qxd4 45. exd4 Kg7 46. f4 Kf6 47. Kf2 Kf5 48. Kf3 g5 49. Bb1+ Kf6 50. g3 Bc8 51. fxg5+ Kxg5 52. h4+ Kh6 53. Kf4 f6 54. Be4 1/2-1/2

[Event "RSA-ch (Women)"]
[Site "Durbanville"]
[Date "2017.12.09"]
[Round "1"]
[White "Van Niekerk, Robyn Julian"]
[Black "Modi, Sonia"]
[Result "1-0"]
[WhiteElo "1645"]
[BlackElo "1671"]
[PlyCount "51"]
[EventDate "2017.12.09"]
[EventType "tourn"]
[EventRounds "11"]
[EventCountry "RSA"]
[SourceTitle "CBM 182 Extra"]
[Source "ChessBase"]
[SourceDate "2018.02.23"]
[SourceVersion "1"]
[SourceVersionDate "2018.02.23"]
[SourceQuality "1"]

1. d4 Nf6 2. c4 e6 3. g3 d5 4. Bg2 c5 5. Nf3 cxd4 6. cxd5 exd5 7. Nxd4 Nc6 8. 0-0 Bc5 9. Nb3 Bb6 10. Nc3 d4 11. Na4 Bc7 12. Qc2 Bd7 13. Nac5 Rb8 14. Nxd7 Qxd7 15. Nc5 Qe7 16. Nxb7 Ne5 17. Qa4+ Ned7 18. b3 0-0 19. Ba3 Nb6 20. Bxe7 Nxa4 21. Bxf8 Nc3 22. Bc5 Nxe2+ 23. Kh1 Ng4 24. Bf3 d3 25. Bxg4 Rxb7 26. Bxe2 1-0

[Event "Africa-ch (Women)"]
[Site "Kampala"]
[Date "2016.07.23"]
[Round "8.6"]
[White "Van Niekerk, Megan C"]
[Black "Van Niekerk, Robyn Julian"]
[Result "0-1"]
[WhiteElo "1594"]
[BlackElo "1621"]
[PlyCount "58"]
[EventDate "2016.07.17"]
[EventType "swiss"]
[EventRounds "9"]
[EventCountry "UGA"]
[SourceTitle "EXT 2024"]
[Source "ChessBase"]
[SourceDate "2023.10.10"]
[SourceVersion "1"]
[SourceVersionDate "2023.10.10"]
[SourceQuality "1"]

1. d4 d5 2. c4 c6 3. Nc3 Nf6 4. Bg5 e6 5. cxd5 exd5 6. e3 Bf5 7. Nge2 Be7 8. f3 0-0 9. Ng3 Bg6 10. Bd3 Bxd3 11. Qxd3 Re8 12. 0-0 h6 13. Bf4 Nbd7 14. e4 Nf8 15. Rae1 Ne6 16. Be3 dxe4 17. Ncxe4 Nd5 18. Bf2 Nb4 19. Qc4 b5 20. Qb3 Nxd4 21. Bxd4 Qxd4+ 22. Kh1 Nd5 23. Ne2 Qb6 24. N4c3 Nb4 25. Ng3 Nd3 26. Nd5 Nf2+ 27. Kg1 Nh3+ 28. Kh1 Qg1+ 29. Rxg1 Nf2# 0-1

[Event "Africa-ch (Women)"]
[Site "Kampala"]
[Date "2016.07.21"]
[Round "6.6"]
[White "Bouah, Denise"]
[Black "Van Niekerk, Robyn Julian"]
[Result "1-0"]
[WhiteElo "1905"]
[BlackElo "1621"]
[PlyCount "75"]
[EventDate "2016.07.17"]
[EventType "swiss"]
[EventRounds "9"]
[EventCountry "UGA"]
[SourceTitle "EXT 2024"]
[Source "ChessBase"]
[SourceDate "2023.10.10"]
[SourceVersion "1"]
[SourceVersionDate "2023.10.10"]
[SourceQuality "1"]

1. e4 c5 2. Nf3 e6 3. d4 cxd4 4. Nxd4 a6 5. Bd3 Qc7 6. 0-0 Nf6 7. c4 Be7 8. Nc3 0-0 9. Kh1 Nc6 10. Nxc6 bxc6 11. f4 d6 12. Qf3 Re8 13. Be3 Bf8 14. Qh3 e5 15. f5 Bb7 16. g4 d5 17. g5 Nxe4 18. Nxe4 dxe4 19. Bxe4 c5 20. Qf3 Rab8 21. b3 Bc8 22. Kg1 a5 23. g6 fxg6 24. fxg6 Be6 25. gxh7+ Kh8 26. Bg6 Red8 27. Rf2 Be7 28. Raf1 Qc8 29. Rd2 Rxd2 30. Bxd2 Bh3 31. Re1 Qe6 32. Qg3 Bd6 33. Be4 Bf5 34. Bd5 Qd7 35. Bxa5 Bxh7 36. Qh4 Be7 37. Qh5 g6 38. Qxe5+ 1-0

[Event "Africa-ch (Women)"]
[Site "Kampala"]
[Date "2016.07.17"]
[Round "1.4"]
[White "Latreche, Sabrina"]
[Black "Van Niekerk, Robyn Julian"]
[Result "1-0"]
[WhiteElo "2066"]
[BlackElo "1621"]
[PlyCount "47"]
[EventDate "2016.07.17"]
[EventType "swiss"]
[EventRounds "9"]
[EventCountry "UGA"]
[SourceTitle "EXT 2024"]
[Source "ChessBase"]
[SourceDate "2023.10.10"]
[SourceVersion "1"]
[SourceVersionDate "2023.10.10"]
[SourceQuality "1"]

1. e4 c5 2. Nc3 e6 3. f4 Nc6 4. Nf3 a6 5. g3 d5 6. d3 Nge7 7. Bg2 g6 8. 0-0 Bg7 9. Qe1 0-0 10. exd5 exd5 11. Qf2 b6 12. Kh1 Rb8 13. a3 Be6 14. h3 h5 15. Ng5 Bf5 16. g4 hxg4 17. Qh4 Re8 18. hxg4 Bc8 19. f5 gxf5 20. gxf5 Bxf5 21. Nxd5 Bg6 22. Nf6+ Bxf6 23. Rxf6 Nf5 24. Rxg6+ 1-0

[Event "Johannesburg FASU op (Women) 8th"]
[Site "Johannesburg"]
[Date "2016.06.28"]
[Round "3"]
[White "Van Niekerk, Lauren S"]
[Black "Van Niekerk, Robyn Julian"]
[Result "1-0"]
[WhiteElo "1617"]
[BlackElo "1621"]
[PlyCount "65"]
[EventDate "2016.06.27"]
[EventType "swiss"]
[EventRounds "6"]
[EventCountry "RSA"]
[SourceTitle "EXT 2017"]
[Source "ChessBase"]
[SourceDate "2016.10.25"]
[SourceVersion "1"]
[SourceVersionDate "2016.10.25"]
[SourceQuality "1"]

1. d4 d5 2. Nf3 c6 3. Bg5 h6 4. Bh4 Qb6 5. b3 Bf5 6. c3 Nd7 7. e3 Ngf6 8. Be2 e6 9. 0-0 Bd6 10. Nbd2 Qc7 11. Qc1 0-0 12. c4 c5 13. Qb2 cxd4 14. exd4 dxc4 15. Nxc4 Be7 16. Bg3 Qd8 17. Nd6 Bg6 18. Rac1 Qb6 19. Nc4 Qd8 20. Nce5 Be4 21. Nd2 Bd5 22. Bb5 Nb6 23. Nd3 Bd6 24. Ne5 Qe7 25. Bh4 Rac8 26. Rxc8 Rxc8 27. Ng4 Kh8 28. Nxf6 gxf6 29. Bd3 Rg8 30. f3 Nd7 31. Ne4 Bxe4 32. Bxe4 b6 33. Qd2 1-0

[Event "Olympiad Women-41"]
[Site "Tromsoe"]
[Date "2014.08.09"]
[Round "7.3"]
[White "Saric, Zrinka"]
[Black "Van Niekerk, Robyn Julian"]
[Result "1-0"]
[WhiteElo "2113"]
[BlackElo "1627"]
[PlyCount "77"]
[EventDate "2014.08.02"]
[EventType "team-swiss"]
[EventRounds "11"]
[EventCountry "NOR"]
[SourceTitle "CBM 162"]
[Source "ChessBase"]
[SourceDate "2014.09.17"]
[SourceVersion "1"]
[SourceVersionDate "2014.09.17"]
[SourceQuality "1"]
[WhiteTeam "Croatia (W)"]
[BlackTeam "South Africa (W)"]
[WhiteTeamCountry "CRO"]
[BlackTeamCountry "RSA"]

1. e4 c5 2. Nf3 e6 3. d4 cxd4 4. Nxd4 a6 5. Bd3 Qc7 6. 0-0 Nf6 7. Qe2 d6 8. c4 Be7 9. Nc3 Bd7 10. Bd2 Nc6 11. Nxc6 Bxc6 12. Rae1 0-0 13. f4 Rad8 14. Kh1 Nd7 15. Nd5 exd5 16. exd5 Bxd5 17. Qxe7 Be6 18. Qh4 h6 19. f5 Ne5 20. fxe6 Nxd3 21. e7 Nxe1 22. Rxe1 Rc8 23. exf8Q+ Rxf8 24. Bc3 Qc5 25. Qg4 f6 26. Re7 Rf7 27. Qe6 Qh5 28. Rxf7 Qxf7 29. Qxf7+ Kxf7 30. Kg1 Ke6 31. Kf2 d5 32. c5 g6 33. b4 f5 34. a4 Kd7 35. b5 axb5 36. axb5 h5 37. Ke3 Ke7 38. Kd4 Ke6 39. Bd2 1-0

[Event "Olympiad Women-41"]
[Site "Tromsoe"]
[Date "2014.08.06"]
[Round "5.4"]
[White "Van Niekerk, Robyn Julian"]
[Black "Wafa, Shahenda"]
[Result "1-0"]
[WhiteElo "1627"]
[BlackElo "1932"]
[PlyCount "61"]
[EventDate "2014.08.02"]
[EventType "team-swiss"]
[EventRounds "11"]
[EventCountry "NOR"]
[SourceTitle "CBM 162"]
[Source "ChessBase"]
[SourceDate "2014.09.17"]
[SourceVersion "1"]
[SourceVersionDate "2014.09.17"]
[SourceQuality "1"]
[WhiteTeam "South Africa (W)"]
[BlackTeam "Egypt (W)"]
[WhiteTeamCountry "RSA"]
[BlackTeamCountry "EGY"]

1. d4 Nf6 2. c4 g6 3. g3 Bg7 4. Bg2 0-0 5. Nc3 d6 6. Nf3 Nbd7 7. 0-0 e5 8. e4 exd4 9. Nxd4 Ne5 10. b3 Bd7 11. Rb1 Re8 12. Re1 c6 13. h3 Bc8 14. Bg5 Qc7 15. Qd2 Be6 16. f4 Nxc4 17. bxc4 Bxc4 18. f5 d5 19. Bf4 Qd7 20. e5 Nh5 21. f6 Nxf4 22. Qxf4 Bf8 23. Kh2 c5 24. Ndb5 Bd3 25. Rb2 d4 26. Nd6 dxc3 27. Rxb7 Qe6 28. Rxf7 Bxd6 29. Rg7+ Kh8 30. Qh6 g5 31. Rxh7+ 1-0

[Event "Olympiad Women-41"]
[Site "Tromsoe"]
[Date "2014.08.02"]
[Round "1.4"]
[White "Van Niekerk, Robyn Julian"]
[Black "David Glaz, Ilana"]
[Result "0-1"]
[WhiteElo "1627"]
[BlackElo "2200"]
[PlyCount "72"]
[EventDate "2014.08.02"]
[EventType "team-swiss"]
[EventRounds "11"]
[EventCountry "NOR"]
[SourceTitle "CBM 162"]
[Source "ChessBase"]
[SourceDate "2014.09.17"]
[SourceVersion "1"]
[SourceVersionDate "2014.09.17"]
[SourceQuality "1"]
[WhiteTeam "South Africa (W)"]
[BlackTeam "Israel (W)"]
[WhiteTeamCountry "RSA"]
[BlackTeamCountry "ISR"]

1. d4 d5 2. Nf3 Nf6 3. c4 e6 4. Bg5 Be7 5. Nc3 0-0 6. e3 c6 7. Qc2 Nbd7 8. Rc1 Re8 9. c5 b6 10. cxb6 axb6 11. Bd3 c5 12. b3 h6 13. Bf4 Nb8 14. 0-0 Bb7 15. Na4 Na6 16. Bb5 Rf8 17. Rfd1 Ne4 18. Ne5 cxd4 19. exd4 Ba3 20. Ra1 Nb4 21. Qe2 Ba6 22. Bxa6 Rxa6 23. Qb5 Qc8 24. Nd7 Rd8 25. Ndxb6 Qc2 26. Be3 Rb8 27. Qd7 Nf6 28. Qd6 Rb7 29. Qd8+ Kh7 30. Bd2 Nc6 31. Qc8 Rbxb6 32. Nxb6 Rxb6 33. Qa8 Bb2 34. Rab1 Ne4 35. Be3 Nc3 36. Rxb2 Qxd1# 0-1

[Event "RSA-ch (Women)"]
[Site "Cape Town"]
[Date "2014.01.10"]
[Round "8"]
[White "Selkirk, Rebecca"]
[Black "Van Niekerk, Robyn Julian"]
[Result "0-1"]
[WhiteElo "1643"]
[BlackElo "1547"]
[PlyCount "50"]
[EventDate "2014.01.04"]
[EventType "tourn"]
[EventRounds "11"]
[EventCountry "RSA"]
[SourceTitle "CBM 158 Extra"]
[Source "ChessBase"]
[SourceDate "2014.02.28"]
[SourceVersion "1"]
[SourceVersionDate "2014.02.28"]
[SourceQuality "1"]

1. e4 c5 2. c3 d6 3. d4 cxd4 4. cxd4 Nf6 5. Nc3 g6 6. f4 Bg7 7. Nf3 e6 8. Bd3 Nc6 9. 0-0 0-0 10. a3 Re8 11. Bc2 a6 12. f5 exf5 13. exf5 Ne7 14. fxg6 hxg6 15. Bg5 Nf5 16. Nd5 Be6 17. Bxf5 gxf5 18. Nf4 Qb6 19. Bxf6 Bxf6 20. Rf2 Rac8 21. d5 Bd7 22. Kh1 Qxf2 23. Nh5 Bxb2 24. Ra2 Qb6 25. Qd2 Rc1+ 0-1

[Event "Wch U18 Girls"]
[Site "Al Ain"]
[Date "2013.12.23"]
[Round "10"]
[White "Machlik, Edit"]
[Black "Van Niekerk, Robyn Julian"]
[Result "1-0"]
[WhiteElo "1855"]
[BlackElo "1459"]
[PlyCount "83"]
[EventDate "2013.12.18"]
[EventType "swiss"]
[EventRounds "11"]
[EventCountry "UAE"]
[SourceTitle "CBM 158 Extra"]
[Source "ChessBase"]
[SourceDate "2014.02.28"]
[SourceVersion "1"]
[SourceVersionDate "2014.02.28"]
[SourceQuality "1"]

1. d4 d5 2. c4 e6 3. Nc3 Nf6 4. cxd5 exd5 5. Bg5 Be7 6. e3 0-0 7. Qc2 Re8 8. Bd3 Nbd7 9. Nf3 b6 10. 0-0 c5 11. dxc5 bxc5 12. Rfd1 Bb7 13. Bf5 h6 14. Bf4 Bc6 15. Rac1 Qb6 16. Bxd7 Bxd7 17. Nxd5 Nxd5 18. Rxd5 Be6 19. Rd2 Bxa2 20. b4 cxb4 21. Qxa2 Rec8 22. Rb1 b3 23. Qa4 Rc5 24. h3 Rac8 25. Rxb3 Qe6 26. Nd4 Rc1+ 27. Kh2 Qf6 28. Qxa7 Bc5 29. Qb7 Bd6 30. Ne2 Bxf4+ 31. exf4 R1c4 32. Rbd3 R8c7 33. Rd8+ Kh7 34. Qb1+ g6 35. Qb2 Qxb2 36. Rxb2 Re7 37. Kg3 g5 38. fxg5 hxg5 39. Nd4 Ra7 40. Rbb8 Ra3+ 41. Nf3 Kg7 42. Rg8+ 1-0

[Event "Wch U18 Girls"]
[Site "Al Ain"]
[Date "2013.12.22"]
[Round "6"]
[White "Abdelmenaem, Sohayla"]
[Black "Van Niekerk, Robyn Julian"]
[Result "1-0"]
[WhiteElo "1734"]
[BlackElo "1459"]
[PlyCount "85"]
[EventDate "2013.12.18"]
[EventType "swiss"]
[EventRounds "11"]
[EventCountry "UAE"]
[SourceTitle "CBM 158 Extra"]
[Source "ChessBase"]
[SourceDate "2014.02.28"]
[SourceVersion "1"]
[SourceVersionDate "2014.02.28"]
[SourceQuality "1"]

1. d4 d5 2. c4 e6 3. Nc3 Nf6 4. Bg5 Be7 5. cxd5 exd5 6. Qc2 0-0 7. e3 c6 8. Bd3 Nbd7 9. Nge2 Re8 10. 0-0 Nf8 11. f3 Ng6 12. Ng3 Be6 13. Qf2 Rc8 14. Bxf6 Bxf6 15. Rad1 c5 16. dxc5 Rxc5 17. e4 dxe4 18. Bb5 Qc8 19. Bxe8 Bxc3 20. bxc3 Rxc3 21. Ba4 exf3 22. gxf3 h6 23. Qxa7 Nh4 24. Qb6 Rc7 25. Rd4 g5 26. Bb3 Kg7 27. Bxe6 fxe6 28. Re4 Rc6 29. Qd4+ Kg6 30. f4 Nf5 31. Nxf5 exf5 32. Re2 g4 33. Rfe1 Rc1 34. Rxc1 Qxc1+ 35. Kf2 Qc6 36. Qe3 Kh5 37. Qe8+ Qxe8 38. Rxe8 Kg6 39. Re6+ Kg7 40. Rb6 h5 41. Rxb7+ Kf6 42. Rb6+ Kg7 43. a4 1-0

[Event "Wch U18 Girls"]
[Site "Al Ain"]
[Date "2013.12.21"]
[Round "4"]
[White "Ruiz Olate, Emily Andrea"]
[Black "Van Niekerk, Robyn Julian"]
[Result "0-1"]
[WhiteElo "1851"]
[BlackElo "1459"]
[PlyCount "102"]
[EventDate "2013.12.18"]
[EventType "swiss"]
[EventRounds "11"]
[EventCountry "UAE"]
[SourceTitle "CBM 158 Extra"]
[Source "ChessBase"]
[SourceDate "2014.02.28"]
[SourceVersion "1"]
[SourceVersionDate "2014.02.28"]
[SourceQuality "1"]

1. e4 c5 2. Nc3 e6 3. f4 Nc6 4. Nf3 a6 5. d3 d5 6. g3 b5 7. Bg2 Bb7 8. 0-0 Nf6 9. Qe2 Be7 10. e5 Nd7 11. f5 0-0 12. f6 gxf6 13. Bh6 Re8 14. exf6 Bxf6 15. Rae1 Bg7 16. Bxg7 Kxg7 17. Nh4 Nf6 18. Qe3 Ng4 19. Qf4 Nh6 20. Nd1 f6 21. Ne3 Ne5 22. d4 cxd4 23. Qxd4 Rc8 24. Rf4 Nc4 25. Nxc4 Rxc4 26. Qf2 Rxf4 27. Qxf4 e5 28. Nf5+ Nxf5 29. Qxf5 e4 30. Qg4+ Kh8 31. c3 Qd6 32. Qh5 Qe5 33. Qf7 Qe7 34. Qh5 Rf8 35. Qf5 Qc5+ 36. Kh1 Bc8 37. Qf4 b4 38. cxb4 Qxb4 39. Rd1 Bb7 40. b3 Qe7 41. Qe3 Rc8 42. Qf4 e3 43. Re1 Re8 44. Re2 Bc6 45. a4 Qe5 46. Qb4 Bd7 47. Bf3 d4 48. Qc4 Be6 49. Qxa6 Bxb3 50. Bg2 Rd8 51. Qd3 Bxa4 0-1

[Event "Wch U18 Girls"]
[Site "Al Ain"]
[Date "2013.12.21"]
[Round "5"]
[White "Van Niekerk, Robyn Julian"]
[Black "Foster, Chantelle"]
[Result "0-1"]
[WhiteElo "1459"]
[BlackElo "1901"]
[PlyCount "74"]
[EventDate "2013.12.18"]
[EventType "swiss"]
[EventRounds "11"]
[EventCountry "UAE"]
[SourceTitle "CBM 158 Extra"]
[Source "ChessBase"]
[SourceDate "2014.02.28"]
[SourceVersion "1"]
[SourceVersionDate "2014.02.28"]
[SourceQuality "1"]

1. d4 d5 2. Nf3 c6 3. Bf4 Bf5 4. e3 e6 5. c4 Nf6 6. Qb3 Qb6 7. Qxb6 axb6 8. a3 Nbd7 9. Nbd2 Be7 10. Be2 dxc4 11. Bxc4 b5 12. Be2 Nb6 13. 0-0 Na4 14. Ra2 0-0 15. Ne5 b4 16. axb4 Nc3 17. bxc3 Rxa2 18. Nef3 Ne4 19. Nxe4 Bxe4 20. Re1 Rc2 21. Bf1 Rxc3 22. Ra1 Bxb4 23. Ne5 Ra3 24. Rxa3 Bxa3 25. Nc4 Bb4 26. f3 Bd5 27. Nb2 Ra8 28. Nd3 Bc3 29. Nc5 Ra1 30. Kf2 Be1+ 31. Kg1 b5 32. h3 b4 33. e4 Ba2 34. Nd3 b3 35. Nxe1 Rxe1 36. Kf2 Rxf1+ 37. Kxf1 b2 0-1

[Event "Wch U18 Girls"]
[Site "Al Ain"]
[Date "2013.??.??"]
[Round "2"]
[White "Bezkorovaina, Marija"]
[Black "Van Niekerk, Robyn Julian"]
[Result "1-0"]
[WhiteElo "2081"]
[BlackElo "1459"]
[PlyCount "83"]
[EventDate "2013.12.18"]
[EventType "swiss"]
[EventRounds "11"]
[EventCountry "UAE"]
[SourceTitle "CBM 158 Extra"]
[Source "ChessBase"]
[SourceDate "2014.02.28"]
[SourceVersion "1"]
[SourceVersionDate "2014.02.28"]
[SourceQuality "1"]

1. e4 c5 2. Nc3 Nc6 3. g3 Nf6 4. Bg2 e6 5. f4 d5 6. e5 Nd7 7. Nf3 Be7 8. 0-0 0-0 9. Qe2 a6 10. a4 Qc7 11. d3 Rb8 12. b3 b5 13. axb5 axb5 14. Bb2 c4 15. d4 Qb6 16. Nd1 cxb3 17. cxb3 Ba6 18. Ne3 Ra8 19. Rf2 Rfe8 20. f5 b4 21. Qd1 Ncxe5 22. Nxe5 Nxe5 23. f6 gxf6 24. dxe5 Qxe3 25. exf6 Bf8 26. Bd4 Qd3 27. Qg4+ Qg6 28. Qh4 Bb5 29. Re1 Bd6 30. Bf3 Kh8 31. Bh5 Qg8 32. Be3 Qf8 33. Qg5 Bd3 34. Qg7+ Qxg7 35. fxg7+ Kxg7 36. Rxf7+ Kg8 37. Bd4 Be4 38. Rg7+ Kf8 39. Rf1+ Bf5 40. Bxe8 Kxe8 41. Rg8+ Kd7 42. Rxa8 1-0